| 000 | 00748nam a2200193 a 4500 | ||
|---|---|---|---|
| 001 | 000002267 | ||
| 005 | 20200929150157.0 | ||
| 008 | 090701s2007 pr a 001 0 spa d | ||
| 040 |
_aDO-SdBNP _bspa _cBNPHU |
||
| 082 |
_axxxx _bR621a |
||
| 100 | 1 |
_aRivera Ruiz, Álvaro M., _d1975- _97222 |
|
| 245 | 1 | 0 |
_aAguadilla el pueblo que le dió la espalda al mar : _bsu desarrollo social ante el cambio de soberanía de 1895 a 1900 / _cÁlvaro M. Rivera Ruiz ; corrección David Capiello. |
| 260 |
_aSan Juan, Puerto Rico : _bIsla Negra, _c2007. |
||
| 300 |
_a142 p. : _bil. ; _c22 cm. |
||
| 440 | 0 |
_aVisiones y cegueras _91120 |
|
| 500 | _aIncluye índice | ||
| 651 | 4 |
_aAguadilla (Puerto Rico{Rpara} _xHistoria _97223 |
|
| 700 | 1 |
_aCapiello, David, _ecorr. _97224 |
|
| 999 |
_c2113 _d2113 |
||